01599nam a2200325 u 4500001001000000003000900010005001700019007000300036008004100039020001800080040002500098082002400123100003200147245005000179260004200229300004300271500005700314590002700371650002800398650002600426650002200452910003700474942001400511952014700525952014700672952014800819952014200967952014701109999001701256000020735DO-SdBNP20260414130834.0ta100813s2014 dr aco er 001 0dspa d a9789945468519 aDO-SdBNPbspacBNPHU 4aRD864.44bA581p2221 aÁngeles, Francisco94349110aPara recordar siempre /cFrancisco Ángeles. aSanto Domingo :bAlfa y Omega,c2014. a290 p. :bil., fots., retrs. ;c28 cm. aIncluye datos biográficos del autor en las solapas aInventariado, 2022/MFF 0aEnsayos dominicanos965 4aLiteratura dominicana 0aBiografía94997 aValidado. Control de calidad MFF 2ddccLBS1 00102ddc56708DSaBNPHUbBNPHUcHDd2015-10-15eDepósito Legal l0oBNPHU DS RD864.44 A581pp2021-2182r2020-06-25te.5w2020-06-25yLBS1 00102ddc56708DSaBNPHUbBNPHUcHDd2017-05-05eDepósito Legal l0oBNPHU DS RD864.44 A581pp2021-2177r2020-06-25te.3w2020-06-25yLBS1 00102ddc56708DSaBNPHUbBNPHUcHDd2015-10-15eDepósito Legal l0oBNPHU DS RD864.44 A581pp2021-2181r2020-06-25te. 4w2020-06-25yLBS1 00102ddc53708PDaBNPHUbBNPHUcHDd2018-09-10eDepósito Legal l0oBNPHU PD RD864.44 A581pp2021-2175r2021-06-21w2021-06-21yLBS1 00102ddc53708PDaBNPHUbBNPHUcHDd2018-09-10eDepósito Legal l0oBNPHU PD RD864.44 A581pp2021-2176r2021-06-21te.2w2021-06-21yLBS1 c20239d20239